000 00452ntaaa2200181 4500
003 01
005 20251027202339.0
008 0714s1973 ag 01
040 _aAR-BaBN
_bspa
_cAR-BaBN
_eaacr
_dRIC
082 _a296.8000 M14
100 _aMacdonald, John
_922111
245 _aThe theology of the Samaritans
250 _a1 ed.
260 _aPhiladelphia :
_bWestminster Press,
_cc1964
300 _a480 p
650 _aJudaĆ­smo
_94672
942 _cBK
999 _c18336
_d18336